000 00329 a2200109 4500
001 ART_3179
005 20260410161712.0
008 260409a
245 1 0 _aEl crecimiento sindical bajo el peronismo
100 1 _aDoyon, Louise
773 0 _tDesarrollo económico
_g- Vol. 15, Nº 57 (abr./jun. 1975)
_wREV1174
999 _c16215
_d16215